000
00336nam a2200145Ia 4500
008
230718s9999 xx 000 0 und d
041
_a
Eng.
082
_a
340
_b
SAE-S
100
_a
Saeed, Malik M (ed)
245
0
_a
SLD (1978)
260
_a
Pakistan
_b
pee Pakistan bed desión
_c
1879
300
_a
525
650
_a
Law
999
_c
26995
_d
26995